000 00854nam a2200229 i 4500
001 18411
003 ES-MaACL
005 20250829045821.0
007 t|
008 960220s1966 sp |||| | spa d
100 0 _aRossi, Filippo.
_999870
245 1 0 _aTesoros de la pintura en los museos de Florencia
_b: (los Oficios y el Palacio Pitti) /
_cFilippo Rossi ; traducción de Juan-Ernesto Vinerdall.
260 _aBarcelona :
_bDaimon,
_c[1966]
300 _a319 p., 42 lám. neg. y col. ;
_c21 cm.
490 1 _aColección "Tesoros de los Grandes Museos" ;
_v8
650 4 _aPintura-
_zFlorencia.
_9161976
650 4 _aMuseos de arte-
_zFlorencia.
_915372
700 0 _aVinardell, Juan Ernesto.
_9115298
830 0 0 _aColección "Tesoros de los grandes museos"
_v8
_9178969
852 _aES-MaACL
_jP-583-Bis-8
999 _c18411
_d18411